| 000 | 01006nam a22002897a 4500 | ||
|---|---|---|---|
| 001 | 5188 | ||
| 003 | FISKH | ||
| 005 | 20250815122817.0 | ||
| 008 | 241118b cb ||||| |||| 00| 0 eng d | ||
| 020 | _a9780590481021 | ||
| 040 |
_aFISKH _beng _cFISKH _dFISKH |
||
| 050 | _aT40.M43 | ||
| 082 | _a608.72 | ||
| 100 | _aTowle, Wendy | ||
| 245 |
_aThe Real McCoy : _bThe Life of an African-American Inventor / _cby Wendy Towle : Painting by Wil Clay |
||
| 260 |
_aNew York : _bScholastic ; _c1993 . |
||
| 300 |
_a32 unnumbered pages : _bcolor illustrations ; _c20 cm . |
||
| 505 | _aZ | ||
| 520 | _aA biography of the Canadian-born black American who studied engineering in Scotland and patented over fifty inventions despite the obstacles he faced because of his race. | ||
| 521 | 8 |
_a920
_bLexile NC |
|
| 521 | 8 |
_aZ
_bRaz-Plus |
|
| 650 |
_aAfrican American _vnon-fiction |
||
| 650 |
_ahistory _vfiction |
||
| 700 |
_aClay, Wil _eillustrator |
||
| 942 |
_2ddc _cBK _n0 |
||
| 999 |
_c5188 _d5188 |
||